Géographie de l'Australie A-Z - Statistiques

Statistiques générales
  • Ce quiz a été pris 43 fois
  • Le résultat moyen est 10 sur 26
Statistiques - réponses
Lettre Pop / Indice Lieux Définitions % Correct
C 431 380 hab Canberra C'est la capitale du pays depuis 1908
95%
B 2 379 489 hab Brisbane Capitale du Queensland, elle accueillera les JO d'été de 2032
90%
A 1 389 214 hab Adélaïde Chef-lieu de l’Australie-Méridionale
79%
M 4 812 122 hab Melbourne Elle a accueillie les JO de 1956 ainsi que l'Open d'Australie
79%
S 5 045 489 hab Sydney Célèbre pour son opéra ainsi que les premiers JO du XXIe siècle
79%
P 2 024 894 hab Perth Plus grande ville de l'Ouest du pays
76%
T 557 571 hab Tasmanie État insulaire du sud du pays réputée pour sesvastes régions sauvages
71%
G 539 489 hab Gold Coast Notre département 21 pourrait être la traduction de cetteville du Queensland
57%
I Borde l'Ouest Indien A l'est, il se nomme Océan Pacifique
57%
U Alice Springs Uluru Cette roche désertique a Ayers Rock pour autre nom
48%
D 189 555 hab Darwin Cette ville abrite la porte de l'immense parc national de Kakadu
40%
V 7 012 962 hab Victoria Deuxième état le plus peuplé après Nouvelle-Galles du Sud
38%
O 40 127 hab Orange En France, c'est également une ville, en Afrique du Sud c'est unfleuve
33%
E 176m Edith Ce cours d'eau à pour nom, le prénom d'une chanteuse française
26%
N Territoire Norfolk Cette île à pour capitale Kingston, et se trouve a mi chemin entrela Nouvelle-Zélande et la Nouvelle-Calédonie
17%
K 2 228m Kosciuszko Plus gros point culminant du sous-continent australien
14%
Y 2 088 hab York Ce village fut crée en 1831, donc il n'est pas vraiment "nouveau"
14%
L 81 255 hab Launceston Seconde plus grande ville de l'île (Lettre T)
12%
W 295 669 hab Wollongong Le champion du monde MotoGP 1987 Wayne Gardner est né là-bas
12%
H 15 hectares Hillier Ce lac est connu mondialement pour sa couleur rose
5%
J Territoire Jervis Sur la côte sud-est du pays se trouve un territoire et sa baieéponyme
5%
R 109 247 hab Rockhampton Située sur le Tropique du Capricorne, elle est surnommée, lacapitale du bœuf d'Australie
5%
F 733 km Fitzroy Fleuve délimitant la région de Kimberley
2%
X Localité Xantippe Cette petite ville au sud-ouest porte le nom de l'épouse de Socrate
2%
Q 37 511 hab Queanbeyan Sa proximité avec Canberra lui permet la plus forte croissance des villes de Nouvelle-Galles du Sud.
0%
Z 2 846 hab Zilzie Cette ville donne accès au Récif McGregor dans le Queensland
0%
Aucun quiz correspondant
Distribution des résultats
% des personnes avec chaque résultat
Percentile par nombre de réponses
Votre historique - résultats
Vous n’avez pas pris ce quiz